Click a Water Named Person Quiz Stats

 Plays Quiz not verified by Sporcle

Also try: Click a 'Way'
Challenge
Share
Tweet
Embed
Score 0/22 Timer 06:00
0 Plays Today
% Correct
Brooke Shields
88.2%
Joan Rivers
86.4%
River Phoenix
85.2%
Garth Brooks
85.2%
Mel Brooks
83.3%
Ricki Lake
79.4%
Muddy Waters
77.8%
Veronica Lake
73.8%
Michael Bay
67%
Billy Ocean
64.7%
Roger Waters
62.2%
% Correct
Albert Brooks
60.3%
Lesley Waters
58.2%
John Waters
57%
Philip Rivers
46.4%
Herb Brooks
45.8%
Foster Brooks
43.4%
Kix Brooks
41%
Rivers Cuomo
37%
Greg Lake
36.2%
John Loch
35.6%
Edward Brooke
30.8%

You're not logged in!

Compare scores with friends on all Sporcle quizzes.
Join for Free
OR
Log In

You Might Also Like...

Show Comments

Extras

Top Quizzes Today


Score Distribution

Your Account Isn't Verified!

In order to create a playlist on Sporcle, you need to verify the email address you used during registration. Go to your Sporcle Settings to finish the process.

Report this User

Report this user for behavior that violates our Community Guidelines.

Details: